00623cam a22002177a 4500003000500000005001700005008004100022010001000063011001000073035001000083040000900093082001700102100002900119245007900148260006000227300001100287490002700298650003100325650002200356830002700378CHAP20220329142626.0020527d1989 mx ab r 00010 spa d a85786 a86758 a97298 cCHAP a616.9722bS400aSepúlveda Amor, Jaime. 0aSIDA, cincia y sociedad en Méxicoc/por Jaime Sepúlveda Amor (y otros) aMéxico, D. F. :bFondo de Cultura Económica,c1989. a507 p. 0aBiblioteca de la salud14aSalud públicazMéxico.14aSIDA (Enfermedad)0 aBiblioteca de la salud